000 00630nam a2200229 a 4500
001 BRCA_6997
005 20190320205654.0
008 231111s1900----enkad#####---#000-0#eng-#
041 _aeng
044 _aenk
050 4 _aSB409
_b.B86
_c1900
100 1 _aBurberry, H. A.
_917411
245 1 0 _aThe amateur orchid cultivator´s guide book
_cH. A. Burberry
250 _a3
260 _aLiverpool, Inglaterra
_bBlake & Mackenzie
_c1900
300 _a196 p.
_bil. a color, 4 láminas
_c22 cm.
500 _aIncluye índice de ilustraciones
500 _aI162
650 1 4 _aOrquídeas
_97665
902 _aGFM
942 _2lcc
_cB
999 _c6678
_d6678